| 000 | 00717nam a2200205 i 4500 | ||
|---|---|---|---|
| 001 | 75096 | ||
| 003 | ES-MaACL | ||
| 005 | 20250801043713.0 | ||
| 007 | t| | ||
| 008 | 040922s1942 mx |||| | spa d | ||
| 100 | 1 |
_aGooch, George Peabody. _959090 |
|
| 245 | 1 | 0 |
_aHistoria contemporánea de Europa _b: 1878-1919 / _cG.P. Gooch ; versión española de Ernestina de Champourcin. |
| 250 | _a1ª ed. española. | ||
| 260 |
_aMéxico : _bFondo de Cultura Económica, _c1942 ( _fArtes Gráfs. Comerciales) |
||
| 300 |
_a573 p. ; _c24 cm. |
||
| 651 | 4 |
_aEuropa- _xHistoria- _y1871-1918. _98607 |
|
| 700 | 1 |
_aChampourcin, Ernestina de, _d1905-1999 _937933 |
|
| 852 |
_aES-MaACL _jD-7279 |
||
| 999 |
_c75096 _d75096 |
||